000 00490nam a2200181Ia 4500
005 20250508162453.0
008 008 250505s9999 xx 000 0 eng d
037 _aBooks to be hide in OPAC
040 _aFEDL
_beng
_cFEDL
041 _aeng
_2eng
084 _a370.1, NUN/O
_qFEDL
100 _aNun T Parsi
_9773225
245 0 _aShiksha uski samagri aur pratham shiddant
260 _c1966
300 _a308p.
942 _cHB
_h370.1, NUN/O
999 _c1376757
_d1376757